Catálogo

Vista normal Vista MARC

Entrada Corporate Name

Número de registros utilizados en: 1

001 - CONTROL NUMBER

  • control field: 17235

003 - CONTROL NUMBER IDENTIFIER

  • control field: Mx-PuUPA

005 - DATE AND TIME OF LATEST TRANSACTION

  • control field: 20250620132724.0

008 - FIXED-LENGTH DATA ELEMENTS

  • fixed length control field: 250620|| aca||aabn | a|a d

040 ## - CATALOGING SOURCE

  • Original cataloging agency: Mx-PuUPA
  • Language of cataloging: spa
  • Transcribing agency: Mx-PuUPA
  • Modifying agency: Mx-PuUPA
  • Description conventions: rda

110 1# - HEADING--CORPORATE NAME

  • Corporate name or jurisdiction name as entry element: Sociedad Mexicana de Ciencias, Artes y Fe,

374 ## - OCCUPATION

  • Occupation: Autor

377 ## - ASSOCIATED LANGUAGE

  • Language code: spa

410 ## - SEE FROM TRACING--CORPORATE NAME

  • Corporate name or jurisdiction name as entry element: SMCAF

670 ## - SOURCE DATA FOUND

  • Source citation: Senderos de verdad : aportaciones a las Ciencias, las Artes y la Fe en México. 2
  • Information found: portada (Sociedad Mexicana de Ciencias, Artes y Fe SMCAF)